Pokémon d'Ultra-brèche - Statistiques

Statistiques générales
  • Ce quiz a été pris 12 fois
  • Le résultat moyen est 10 sur 20
Statistiques - réponses
Réponse % Correct
1 Altaria
75%
18 Hippodocus
75%
2 Hélédelle
63%
10 Iguolta
63%
5 Lackmécygne
63%
13 Limonde
63%
12 Lombre
63%
14 Mustéflott
63%
3 Yanméga
63%
19 Blizzaroi
50%
4 Cryptéro
50%
6 Pifeuil
50%
17 Charmina
38%
8 Drascore
38%
7 Groret
38%
9 Nanméouïe
38%
20 Crabaraque
25%
15 Golgopathe
25%
11 Maraistre
13%
16 Volcaropod
0%
Aucun quiz correspondant
Distribution des résultats
% des personnes avec chaque résultat
Percentile par nombre de réponses
Votre historique - résultats
Vous n’avez pas pris ce quiz